LEADER 00793nam0-2200265 --450 001 9910318853003321 005 20190509120712.0 010 $a9780300178319 100 $a20190509d2003----kmuy0itay5050 ba 101 0 $aeng 102 $aUS 105 $a 001yy 200 1 $aDefining nations$eimmigrants and citizens in early modern Spain and Spanish America$fby Tamar Herzog 210 $aNew Haven$cYale university press$d2003 215 $aVIII, 325 p.$d25 cm 610 0 $aCittadinanza - Spagna - Storia - Sec. 18. 676 $a323.62 700 1$aHerzog,$bTamar$0622017 801 0$aIT$bUNINA$gREICAT$2UNIMARC 901 $aBK 912 $a9910318853003321 952 $a323.6 HER 1$bBibl. 2019$fFLFBC 959 $aFLFBC 996 $aDefining nations$91107442 997 $aUNINA LEADER 02761nam 2200577Ia 450 001 9910970001003321 005 20250717222401.0 010 $a90-474-0227-8 010 $a1-4237-1449-0 035 $a(CKB)1000000000033051 035 $a(EBL)253612 035 $a(OCoLC)475966287 035 $a(SSID)ssj0000129907 035 $a(PQKBManifestationID)12000043 035 $a(PQKBTitleCode)TC0000129907 035 $a(PQKBWorkID)10079128 035 $a(PQKB)10592410 035 $a(OCoLC)646738362 035 $a(MiAaPQ)EBC253612 035 $a(EXLCZ)991000000000033051 100 $a20130411d2003 uy 0 101 0 $aeng 135 $aur||||||||||| 181 $ctxt$2rdacontent 181 $csti$2rdacontent 182 $cc$2rdamedia 183 $acr$2rdacarrier 200 04$aThe context of scripture $ecanonical compositions, monumental inscriptions and archival documents from the biblical world /$feditor, William W. Hallo ; associate editor, K.Lawson Younger 205 $a1st ed. 210 $aLeiden ;$aNew York $cBrill$d2003 215 $a1 online resource ;$cillustrations 300 $aDescription based upon print version of record. 300 $a"Canonical Compositions, Monumental Inscriptions and Archival Documents from the Biblical World" - publisher's website. 311 08$a90-04-13105-1 320 $aIncludes bibliographical references and index. 327 $av. 1. Canonical compositions from the biblical world -- v. 2. Monumental inscriptions from the biblical world -- v. 3. Archival documents from the biblical world. 330 $aThe Context of Scripture Online illuminatingly presents the multi-faceted world of ancient writing that forms the colorful background to the literature of the Hebrew Bible. Designed as a thorough and enduring reference work for all engaged in the study of the Bible and the ancient Near East, the Context of Scripture Online provides reliable access to a broad, balanced, and representative collection of Ancient Near Eastern texts that have an impact on the interpretation of the Bible. Each entry includes an introduction to the text, an authoritative translation, commentary, and bibliographic references. 606 $aMiddle Eastern literature$xRelation to the Old Testament 606 $aMiddle Eastern literature$vTranslations into English 615 0$aMiddle Eastern literature$xRelation to the Old Testament. 615 0$aMiddle Eastern literature 676 $a220.9/5 701 $aHallo$b William W$0328772 701 $aYounger$b K. Lawson$cJr.$01595040 801 0$bMiAaPQ 801 1$bMiAaPQ 801 2$bMiAaPQ 906 $aBOOK 912 $a9910970001003321 996 $aThe context of scripture$94409087 997 $aUNINA